000 01037nam a22002177a 4500
003 NALT
005 20251125233122.0
008 s2557 th tha d
040 _aNALT
041 _atha
090 _aKE 73
_bค121ร 2557
110 2 _aสำนักงานคณะกรรมการกฤษฎีกา
_914779
245 1 0 _aรวมความคิดเห็นของคณะกรรมการวิธีปฏิบัติราชการทางปกครอง เล่ม 2 (พ.ศ. 2551-2556) /
_cสำนักงานคณะกรรมการกฤษฎีกา.
260 _aกรุงเทพฯ :
_bสำนักงานคณะกรรมการกฤษฎีกา,
_c2557.
300 _a340 หน้า ;
_b
_c29 ซม.
650 4 _94701
_aกฎหมาย
_zไทย
850 _aNALT
856 4 0 _uhttps://hdl.handle.net/20.500.14156/501442
942 _cLB
_2local
999 _c73664
_d73664
998 _j104
_k นางสาวสายฝน ดีงาม